The program management office advantage a powerful and centralized way for organizations to manage projects /

Bibliographic Details
Main Author: Tjahjana, Lia.
Corporate Author: ProQuest (Firm)
Other Authors: Dwyer, Paul., Habib, Mohsin.
Format: Electronic eBook
Language:English
Published: New York, NY : American Management Association, c2009.
Subjects:
Online Access:Click to View
LEADER 01361nam a2200361Ia 4500
001 EBC472562
003 MiAaPQ
005 20200520144314.0
006 m o d |
007 cr cn|||||||||
008 090220s2009 nyu sb 001 0 eng d
010 |z  2009007695 
020 |z 9780814414262 
035 |a (MiAaPQ)EBC472562 
035 |a (Au-PeEL)EBL472562 
035 |a (CaPaEBR)ebr10333736 
035 |a (CaONFJC)MIL238679 
035 |a (OCoLC)441939370 
040 |a MiAaPQ  |c MiAaPQ  |d MiAaPQ 
050 4 |a HD69.P75  |b T53 2009 
100 1 |a Tjahjana, Lia. 
245 1 4 |a The program management office advantage  |h [electronic resource] :  |b a powerful and centralized way for organizations to manage projects /  |c Lia Tjahjana, Paul Dwyer, and Mohsin Habib. 
260 |a New York, NY :  |b American Management Association,  |c c2009. 
300 |a xvi, 272 p. 
504 |a Includes bibliographical references and index. 
533 |a Electronic reproduction. Ann Arbor, MI : ProQuest, 2015. Available via World Wide Web. Access may be limited to ProQuest affiliated libraries. 
650 0 |a Project management. 
650 0 |a Management. 
655 4 |a Electronic books. 
700 1 |a Dwyer, Paul. 
700 1 |a Habib, Mohsin. 
710 2 |a ProQuest (Firm) 
856 4 0 |u https://ebookcentral.proquest.com/lib/matrademy/detail.action?docID=472562  |z Click to View